LEADER 01465nam a2200325 4500 001 000000334865 003 CaOOAMICUS 005 20190904112129.0 008 190711s2014 it 000 u ita r 020 $a978-88-211-6525-2 040 $aSeMil$bita 100 1 $aHadjadj, Fabrice,$d<1971- >.$0(OLS)http://semarc/name/50170 240 13$aLa foi des démons ou l'athéisme dépassé.$0(OLS)http://semarc/title/424467 245 13$aLa fede dei demoni :$bovvero il superamento dell'ateismo /$cFabrice Hadjadj ; traduzione di Anna Bissanti. 250 $a2. rist. 264 1$aGenova :$bMarietti,$c2014. 300 $a251 p. ;$c21 cm 490 1 $aCollana di saggistica ;$v120 650 4$aFede - Pastorale.$0(OLS)http://semarc/subject/18025 650 4$aFede - Postmodernità.$0(OLS)http://semarc/subject/19291 650 4$aAteismo.$0(OLS)http://semarc/subject/2022 700 1 $aBissanti, Anna.$0(OLS)http://semarc/name/109880 830 0$aCollana di saggistica ;$v120.$0(OLS)http://semarc/title/10422 850 $aSeMil 852 $aSeMil$W1$xVenegono$y1$m2D VII 57$j216678$B226971$CSeMilBibl$Z2$F226971 $81 961 $aAntonelli don Mario - Omaggio 996 $6020$a978-88-211-6525-2$9(OLS)http://semarc/number/287934 996 $6245$aLa fede dei demoni :$bovvero il superamento dell'ateismo$9(OLS)http://semarc/title/424468 996 $6264$aGenova :$bMarietti$9(OLS)http://semarc/publisher/29997 LEADER 01084nam a2200253 i 4500 001 000000039197 003 CaOOAMICUS 005 20090706000000.0 008 090706s1992 it u000 u ita u 013 $a9924 040 $aSeMil$bita 100 1 $aBergamaschi, Cirillo.$0(OLS)http://semarc/name/403 245 10$a1833-1834 /$cCirillo Bergamaschi. 260 $aGenova :$bPantograf,$c1992. 300 $a189 p. ;$c24 cm. 490 0 $aPubblicazioni ;$v29 650 4$aRosmini Serbati, Antonio - Lettere e carteggi.$0(OLS)http://semarc/subject/1371 773 0 $aBergamaschi, Cirillo$tCatalogo del carteggio edito e inedito di Antonio Rosmini Serbati.$dGenova : La Quercia : [poi]... Pantograf, 1980.$gVol.5$w()579 830 0$aPubblicazioni ;$v29.$0(OLS)http://semarc/title/12761 850 $aSeMil 852 $aSeMil$W1$xVenegono$y1$m2Q V 252$j5352$B5352$CSeMilBibl$Z2$F5352 $81 961 $aOmaggio: Scuola Cattolica 996 $6245$a1833-1834$9(OLS)http://semarc/title/55691 996 $6260$aGenova :$bPantograf$9(OLS)http://semarc/publisher/39771 LEADER 01419nam a2200277 i 4500 001 000000068469 003 CaOOAMICUS 005 20100726000000.0 008 100726s1954 fr u000 u fre u 013 $a39641 040 $aSeMil$bita 100 1 $aVerneaux, Roger,$d<1906-1997>.$0(OLS)http://semarc/name/34137 245 10$aEsquisse d'une théorie de la connaissance :$bcritique du Néo-criticisme /$cRoger Verneaux. 260 $aParis :$bBeauchesne,$c1954. 300 $a248 p. ;$c22 cm. 490 0 $aBibliothèque des Archives de philosophie 490 0 $aBibliothèque des Archives de philiosophie. 1. section, Morale et métaphysique ;$v2 650 4$aCriticismo - Fortuna - Storia - Sec. 18.-20.$0(OLS)http://semarc/subject/13467 650 4$aTeoria della conoscenza.$0(OLS)http://semarc/subject/2215 650 4$aCriticismo - Filosofia.$0(OLS)http://semarc/subject/12845 830 0$aBibliothèque des Archives de philosophie.$0(OLS)http://semarc/title/26800 830 0$aBibliothèque des Archives de philiosophie. 1. section, Morale et métaphysique ;$v2.$0(OLS)http://semarc/title/31577 850 $aSeMil 852 $aSeMil$W1$xVenegono$y1$m2O III 82$j34622$B34622$CSeMilBibl$Z2$F34625 $81 996 $6245$aEsquisse d'une théorie de la connaissance :$bcritique du Néo-criticisme$9(OLS)http://semarc/title/109302 996 $6260$aParis :$bBeauchesne$9(OLS)http://semarc/publisher/29638